000 00315nam a2200133Ia 4500
100 _aWendt/H.C
942 _cBK
654 _aDesign Manufacture
245 _aArc Welding In Design Manufacture & Construction
260 _bJames Lincoln
_aCleveland
_c1944
082 _a671.5
300 _a1409
546 _aENGLISH
999 _c30400
_d30400